Ive Members - Statistics

General Stats
  • This quiz has been taken 348 times
  • The average score is 6 of 6
Answer Stats
Picture Answer % Correct
Wonyoung
99%
Liz
97%
Rei
97%
Gaeul
96%
Yujin
96%
Leeseo
94%
No matching quizzes found
Score Distribution
Percent of People with Each Score
Percentile by Number Answered
Your Score History
You have not taken this quiz